[Event "Irish International Open 2019"]
[Site "Dublin"]
[Date "2019.04.20"]
[Round "5.20"]
[White "Hafstad, Leif"]
[Black "Daly, Colm"]
[Result "1-0"]
[WhiteElo "1857"]
[BlackElo "2278"]
[Annotator "NA"]
[PlyCount "73"]
[EventDate "2019.02.28"]
[EventType "swiss"]
[EventCountry "IRL"]
[SourceTitle "playchess.com"]
[Source "ChessBase"]
[SourceQuality "1"]
[TimeControl "5400+30"]

1. e4 {[%emt 0:00:00]} c5 {[%emt 0:00:00]} 2. Nf3 {[%emt 0:00:00]} d6 {[%emt 0:02:06]} 3. Bb5+ {[%emt 0:00:32]} Bd7 {[%emt 0:00:09]} 4. Bxd7+ {[%emt 0:00:11]} Nxd7 {[%emt 0:00:13]} 5. O-O {[%emt 0:00:25]} Ngf6 {[%emt 0:00:06]} 6. Qe2 {[%emt 0:00:29]} g6 {[%emt 0:02:44]} 7. c3 {[%emt 0:00:47]} Bg7 {[%emt 0:00:24]} 8. d4 {[%emt 0:01:15]} O-O {[%emt 0:00:10]} 9. e5 {[%emt 0:05:12]} Ne8 {[%emt 0:00:12]} 10. e6 {[%emt 0:01:45]} fxe6 {[%emt 0:00:25]} 11. Qxe6+ {[%emt 0:02:09]} Kh8 {[%emt 0:00:05]} 12. Ng5 {[%emt 0:02:09]} Nc7 {[%emt 0:00:06]} 13. Nf7+ {[%emt 0:01:23]} Rxf7 {[%emt 0:00:10]} 14. Qxf7 {[%emt 0:00:50]} cxd4 {[%emt 0:00:10]} 15. Bg5 {[%emt 0:04:25]} dxc3 {[%emt 0:03:37]} 16. Nxc3 {[%emt 0:02:18]} Ne5 {[%emt 0:04:58]} 17. Qxe7 {[%emt 0:07:04]} Qxe7 {[%emt 0:00:07]} 18. Bxe7 {[%emt 0:00:11]} Nc4 {[%emt 0:00:06]} 19. Rac1 {[%emt 0:04:19]} Re8 {[%emt 0:02:10]} 20. b3 {[%emt 0:07:22]} Nd2 {[%emt 0:11:47]} 21. Rfe1 {[%emt 0:02:06]} d5 {[%emt 0:07:46]} 22. f3 {[%emt 0:04:57]} Kg8 {[%emt 0:06:33]} 23. Bb4 {[%emt 0:07:06]} Bd4+ {[%emt 0:13:28]} 24. Kh1 {[%emt 0:00:28]} Be3 {[%emt 0:00:26]} 25. Nxd5 {[%emt 0:04:19]} Nxd5 {[%emt 0:03:12]} 26. Bxd2 {[%emt 0:00:36]} Bxd2 {[%emt 0:02:22]} 27. Rxe8+ {[%emt 0:00:30]} Kf7 {[%emt 0:00:05]} 28. Rcc8 {[%emt 0:01:03]} Bb4 {[%emt 0:01:16]} 29. Red8 {[%emt 0:02:08]} Ne7 {[%emt 0:00:38]} 30. Rd7 {[%emt 0:01:45]} Ke6 {[%emt 0:00:53]} 31. Rcc7 {[%emt 0:00:55]} a5 {[%emt 0:00:16]} 32. Rxb7 {[%emt 0:01:08]} h5 {[%emt 0:00:07]} 33. Rd4 {[%emt 0:06:39]} Nd5 {[%emt 0:05:48]} 34. Rb5 {[%emt 0:01:32]} Nc3 {[%emt 0:00:15]} 35. Rbxb4 {[%emt 0:00:42]} axb4 {[%emt 0:00:06]} 36. Rxb4 {[%emt 0:00:22]} Nxa2 {[%emt 0:00:07]} 37. Rc4 {[%emt 0:00:18]} 1-0

[Event "Irish International Open 2019"]
[Site "Dublin"]
[Date "2019.04.20"]
[Round "5.23"]
[White "Buonanno, Raffaele"]
[Black "O`Connell, Kevin J."]
[Result "1-0"]
[WhiteElo "2091"]
[BlackElo "2328"]
[Annotator "NA"]
[PlyCount "73"]
[EventDate "2019.02.28"]
[EventType "swiss"]
[EventCountry "IRL"]
[SourceTitle "playchess.com"]
[Source "ChessBase"]
[SourceQuality "1"]
[TimeControl "5400+30"]

1. e4 {[%emt 0:00:00]} e5 {[%emt 0:00:00]} 2. c4 {[%emt 0:00:00]} c5 {[%emt 0:02:37]} 3. Nc3 {[%emt 0:00:06]} Nc6 {[%emt 0:00:50]} 4. g3 {[%emt 0:00:11]} g6 {[%emt 0:00:31]} 5. Bg2 {[%emt 0:00:06]} d6 {[%emt 0:01:47]} 6. Nge2 {[%emt 0:00:11]} Be6 {[%emt 0:01:56]} 7. d3 {[%emt 0:00:05]} Qd7 {[%emt 0:02:35]} 8. Nd5 {[%emt 0:00:41]} Bg7 {[%emt 0:04:36]} 9. a3 {[%emt 0:02:21]} Nd4 {[%emt 0:22:08]} 10. Nxd4 {[%emt 0:02:26]} cxd4 {[%emt 0:02:09]} 11. O-O {[%emt 0:01:03]} Ne7 {[%emt 0:02:29]} 12. f4 {[%emt 0:00:33]} Nxd5 {[%emt 0:10:14]} 13. exd5 {[%emt 0:03:49]} Bg4 {[%emt 0:00:48]} 14. Qc2 {[%emt 0:01:15]} f6 {[%emt 0:01:05]} 15. c5 {[%emt 0:05:36]} dxc5 {[%emt 0:11:34]} 16. fxe5 {[%emt 0:00:06]} fxe5 {[%emt 0:00:20]} 17. Qxc5 {[%emt 0:00:09]} Rc8 {[%emt 0:02:27]} 18. Qb4 {[%emt 0:00:16]} Bf8 {[%emt 0:01:26]} 19. Qb3 {[%emt 0:00:05]} h5 {[%emt 0:05:06]} 20. Bg5 {[%emt 0:01:12]} Bh6 {[%emt 0:03:49]} 21. Bf6 {[%emt 0:02:54]} Be3+ {[%emt 0:04:52]} 22. Kh1 {[%emt 0:00:06]} O-O {[%emt 0:04:56]} 23. d6+ {[%emt 0:03:45]} Kh7 {[%emt 0:00:24]} 24. Be7 {[%emt 0:00:43]} Rf5 {[%emt 0:06:17]} 25. Qxb7 {[%emt 0:09:11]} Qxb7 {[%emt 0:04:19]} 26. Bxb7 {[%emt 0:00:08]} Rxf1+ {[%emt 0:00:03]} 27. Rxf1 {[%emt 0:00:07]} Rb8 {[%emt 0:00:07]} 28. Bc6 {[%emt 0:00:19]} Bh3 {[%emt 0:02:06]} 29. Rf7+ {[%emt 0:01:02]} Kh6 {[%emt 0:00:07]} 30. b4 {[%emt 0:00:13]} Rc8 {[%emt 0:01:30]} 31. b5 {[%emt 0:00:06]} Be6 {[%emt 0:00:11]} 32. d7 {[%emt 0:01:43]} Bxd7 {[%emt 0:01:04]} 33. Bxd7 {[%emt 0:00:07]} Rc1+ {[%emt 0:00:14]} 34. Kg2 {[%emt 0:00:05]} Rc2+ {[%emt 0:00:07]} 35. Kh3 {[%emt 0:01:51]} g5 {[%emt 0:01:33]} 36. g4 {[%emt 0:01:10]} h4 {[%emt 0:00:26]} 37. Bf5 {[%emt 0:00:12]} 1-0

[Event "Irish International Open 2019"]
[Site "Dublin"]
[Date "2019.04.20"]
[Round "5.24"]
[White "Murphy, Sean"]
[Black "Kersten, Julian"]
[Result "1-0"]
[WhiteElo "1976"]
[BlackElo "1996"]
[Annotator "NA"]
[PlyCount "115"]
[EventDate "2019.02.28"]
[EventType "swiss"]
[EventCountry "IRL"]
[SourceTitle "playchess.com"]
[Source "ChessBase"]
[SourceQuality "1"]
[TimeControl "5400+30"]

1. e4 {[%emt 0:00:00]} c5 {[%emt 0:02:01]} 2. Nf3 {[%emt 0:00:00]} e6 {[%emt 0:00:27]} 3. d4 {[%emt 0:01:38]} cxd4 {[%emt 0:00:16]} 4. Nxd4 {[%emt 0:00:06]} a6 {[%emt 0:00:24]} 5. Bd3 {[%emt 0:01:07]} Nf6 {[%emt 0:00:34]} 6. O-O {[%emt 0:00:40]} Qc7 {[%emt 0:00:23]} 7. Be3 {[%emt 0:02:08]} d6 {[%emt 0:00:42]} 8. Nc3 {[%emt 0:02:57]} Nbd7 {[%emt 0:01:40]} 9. Qe2 {[%emt 0:06:47]} b5 {[%emt 0:02:20]} 10. a3 {[%emt 0:04:42]} Bb7 {[%emt 0:02:32]} 11. f3 {[%emt 0:02:47]} Be7 {[%emt 0:01:27]} 12. Qf2 {[%emt 0:00:59]} d5 {[%emt 0:09:33]} 13. exd5 {[%emt 0:03:01]} Nxd5 {[%emt 0:02:26]} 14. Nxd5 {[%emt 0:01:13]} Bxd5 {[%emt 0:00:11]} 15. Nb3 {[%emt 0:05:56]} O-O {[%emt 0:03:11]} 16. Rac1 {[%emt 0:06:11]} Rfc8 {[%emt 0:04:19]} 17. Nd2 {[%emt 0:09:32]} Ne5 {[%emt 0:13:17]} 18. Be2 {[%emt 0:03:05]} Nc4 {[%emt 0:01:56]} 19. Nxc4 {[%emt 0:03:18]} Bxc4 {[%emt 0:00:13]} 20. Rfd1 {[%emt 0:07:50]} Bd6 {[%emt 0:06:01]} 21. g3 {[%emt 0:08:08]} Bd5 {[%emt 0:01:36]} 22. c3 {[%emt 0:06:28]} Bc5 {[%emt 0:08:37]} 23. f4 {[%emt 0:03:48]} Bxe3 {[%emt 0:03:51]} 24. Qxe3 {[%emt 0:00:03]} Rd8 {[%emt 0:01:18]} 25. Rf1 {[%emt 0:06:54]} Rd6 {[%emt 0:05:32]} 26. a4 {[%emt 0:03:34]} Bc4 {[%emt 0:02:59]} 27. axb5 {[%emt 0:00:19]} axb5 {[%emt 0:00:29]} 28. Ra1 {[%emt 0:00:48]} Rad8 {[%emt 0:09:12]} 29. Bxc4 {[%emt 0:03:30]} Qxc4 {[%emt 0:01:24]} 30. Qf3 {[%emt 0:01:39]} Qb3 {[%emt 0:04:07]} 31. Rf2 {[%emt 0:00:53]} g6 {[%emt 0:02:40]} 32. Ra8 {[%emt 0:01:46]} Rd1+ {[%emt 0:00:52]} 33. Kg2 {[%emt 0:00:16]} Rxa8 {[%emt 0:00:35]} 34. Qxa8+ {[%emt 0:00:02]} Kg7 {[%emt 0:00:10]} 35. Qe4 {[%emt 0:00:34]} Rd5 {[%emt 0:03:39]} 36. g4 {[%emt 0:01:31]} Qd1 {[%emt 0:01:13]} 37. Qf3 {[%emt 0:01:08]} Qb3 {[%emt 0:00:45]} 38. h3 {[%emt 0:00:54]} b4 {[%emt 0:01:45]} 39. cxb4 {[%emt 0:00:41]} Qxb4 {[%emt 0:00:12]} 40. f5 {[%emt 0:00:23]} gxf5 {[%emt 0:01:00]} 41. gxf5 {[%emt 0:00:09]} Rxf5 {[%emt 0:01:06]} 42. Qg3+ {[%emt 0:00:28]} Kf8 {[%emt 0:00:30]} 43. Rxf5 {[%emt 0:00:24]} exf5 {[%emt 0:01:07]} 44. Qa3 {[%emt 0:00:07]} Qe7 {[%emt 0:01:13]} 45. Kf3 {[%emt 0:00:14]} Ke8 {[%emt 0:00:16]} 46. Qxe7+ {[%emt 0:00:03]} Kxe7 {[%emt 0:00:05]} 47. Kf4 {[%emt 0:00:13]} Kf6 {[%emt 0:01:10]} 48. h4 {[%emt 0:00:12]} h6 {[%emt 0:00:30]} 49. h5 {[%emt 0:00:19]} Ke6 {[%emt 0:00:14]} 50. b3 {[%emt 0:00:29]} Kf6 {[%emt 0:00:23]} 51. b4 {[%emt 0:00:01]} Ke6 {[%emt 0:00:06]} 52. b5 {[%emt 0:00:10]} Kd5 {[%emt 0:00:17]} 53. Kxf5 {[%emt 0:00:08]} Kc5 {[%emt 0:00:04]} 54. Kf6 {[%emt 0:00:09]} Kxb5 {[%emt 0:00:03]} 55. Kxf7 {[%emt 0:00:14]} Kc6 {[%emt 0:00:12]} 56. Kg6 {[%emt 0:00:05]} Kd7 {[%emt 0:00:04]} 57. Kxh6 {[%emt 0:00:04]} Ke8 {[%emt 0:00:05]} 58. Kg7 {[%emt 0:00:08]} 1-0

[Event "Irish International Open 2019"]
[Site "Dublin"]
[Date "2019.04.20"]
[Round "5.25"]
[White "Larter, Nick J."]
[Black "Fox, Anthony"]
[Result "1/2-1/2"]
[WhiteElo "1830"]
[BlackElo "2031"]
[Annotator "NA"]
[PlyCount "150"]
[EventDate "2019.02.28"]
[EventType "swiss"]
[EventCountry "IRL"]
[SourceTitle "playchess.com"]
[Source "ChessBase"]
[SourceQuality "1"]
[TimeControl "5400+30"]

1. e4 {[%emt 0:00:00]} e5 {[%emt 0:00:00]} 2. Bc4 {[%emt 0:00:00]} Nf6 {[%emt 0:00:00]} 3. d4 {[%emt 0:00:00]} exd4 {[%emt 0:00:00]} 4. Nf3 {[%emt 0:00:04]} Nc6 {[%emt 0:01:03]} 5. e5 {[%emt 0:02:09]} d5 {[%emt 0:00:13]} 6. Bb5 {[%emt 0:00:13]} Ne4 {[%emt 0:00:14]} 7. Nxd4 {[%emt 0:00:23]} Bd7 {[%emt 0:00:10]} 8. Bxc6 {[%emt 0:02:13]} bxc6 {[%emt 0:00:08]} 9. O-O {[%emt 0:01:15]} Bc5 {[%emt 0:00:36]} 10. Be3 {[%emt 0:00:12]} Bb6 {[%emt 0:02:04]} 11. f3 {[%emt 0:05:32]} Ng5 {[%emt 0:00:53]} 12. f4 {[%emt 0:00:17]} Ne4 {[%emt 0:00:07]} 13. Nd2 {[%emt 0:02:52]} Nxd2 {[%emt 0:01:47]} 14. Qxd2 {[%emt 0:00:19]} c5 {[%emt 0:00:17]} 15. Nf3 {[%emt 0:07:28]} d4 {[%emt 0:00:24]} 16. Bf2 {[%emt 0:00:42]} Bc6 {[%emt 0:01:51]} 17. Bh4 {[%emt 0:06:06]} Qd7 {[%emt 0:01:01]} 18. e6 {[%emt 0:00:30]} fxe6 {[%emt 0:03:43]} 19. Ne5 {[%emt 0:01:20]} Qd5 {[%emt 0:02:41]} 20. Nxc6 {[%emt 0:09:37]} Qxc6 {[%emt 0:00:25]} 21. f5 {[%emt 0:00:50]} O-O {[%emt 0:04:50]} 22. f6 {[%emt 0:03:01]} Rf7 {[%emt 0:15:05]} 23. Rae1 {[%emt 0:15:46]} c4 {[%emt 0:02:25]} 24. Kh1 {[%emt 0:00:47]} Qd5 {[%emt 0:06:17]} 25. Qe2 {[%emt 0:02:54]} d3 {[%emt 0:05:16]} 26. cxd3 {[%emt 0:01:51]} cxd3 {[%emt 0:00:10]} 27. Qxe6 {[%emt 0:00:58]} Qxe6 {[%emt 0:00:11]} 28. Rxe6 {[%emt 0:00:14]} d2 {[%emt 0:01:59]} 29. Rd1 {[%emt 0:02:24]} Rd8 {[%emt 0:04:17]} 30. Re2 {[%emt 0:06:30]} Ba5 {[%emt 0:07:56]} 31. a3 {[%emt 0:02:39]} c5 {[%emt 0:01:34]} 32. Re5 {[%emt 0:05:07]} gxf6 {[%emt 0:03:14]} 33. Rxc5 {[%emt 0:01:02]} Bb6 {[%emt 0:00:09]} 34. Rc6 {[%emt 0:02:25]} Kg7 {[%emt 0:00:21]} 35. Re6 {[%emt 0:03:27]} Rd3 {[%emt 0:01:19]} 36. g4 {[%emt 0:03:10]} Be3 {[%emt 0:13:05]} 37. Kg2 {[%emt 0:01:16]} f5 {[%emt 0:02:17]} 38. Kf1 {[%emt 0:04:56]} f4 {[%emt 0:01:02]} 39. Ke2 {[%emt 0:00:56]} Rb3 {[%emt 0:00:22]} 40. Bf2 {[%emt 0:01:42]} Bxf2 {[%emt 0:08:50]} 41. Kxf2 {[%emt 0:00:13]} Rd7 {[%emt 0:00:47]} 42. Re4 {[%emt 0:01:50]} Rxb2 {[%emt 0:01:30]} 43. Rxf4 {[%emt 0:00:10]} Rb3 {[%emt 0:01:07]} 44. Rf3 {[%emt 0:01:26]} Rb2 {[%emt 0:01:21]} 45. Ke2 {[%emt 0:01:11]} Rd4 {[%emt 0:01:16]} 46. h3 {[%emt 0:00:40]} Rd7 {[%emt 0:00:41]} 47. Rd3 {[%emt 0:02:33]} Rxd3 {[%emt 0:00:15]} 48. Kxd3 {[%emt 0:00:09]} Rb3+ {[%emt 0:00:09]} 49. Kxd2 {[%emt 0:00:28]} Rxh3 {[%emt 0:00:06]} 50. Rg1 {[%emt 0:02:19]} Rxa3 {[%emt 0:00:06]} 51. Kc2 {[%emt 0:00:26]} Kg6 {[%emt 0:00:22]} 52. Kb2 {[%emt 0:00:46]} Rf3 {[%emt 0:00:20]} 53. Ra1 {[%emt 0:00:25]} Rf7 {[%emt 0:00:42]} 54. Ra5 {[%emt 0:00:11]} h6 {[%emt 0:00:15]} 55. Kc3 {[%emt 0:00:12]} Rf4 {[%emt 0:01:29]} 56. Kd3 {[%emt 0:01:06]} Rxg4 {[%emt 0:00:16]} 57. Ke3 {[%emt 0:00:33]} h5 {[%emt 0:01:29]} 58. Kf3 {[%emt 0:00:28]} Rb4 {[%emt 0:00:41]} 59. Rxa7 {[%emt 0:00:15]} Kg5 {[%emt 0:00:18]} 60. Kg2 {[%emt 0:00:35]} Kh4 {[%emt 0:00:16]} 61. Rg7 {[%emt 0:00:51]} Rb2+ {[%emt 0:00:31]} 62. Kf1 {[%emt 0:00:34]} Kh3 {[%emt 0:00:13]} 63. Rh7 {[%emt 0:00:19]} h4 {[%emt 0:00:10]} 64. Rg7 {[%emt 0:00:08]} Kh2 {[%emt 0:00:26]} 65. Rh7 {[%emt 0:00:31]} h3 {[%emt 0:00:12]} 66. Rg7 {[%emt 0:00:25]} Rb1+ {[%emt 0:02:05]} 67. Kf2 {[%emt 0:00:20]} Kh1 {[%emt 0:00:12]} 68. Rh7 {[%emt 0:01:18]} h2 {[%emt 0:00:23]} 69. Rg7 {[%emt 0:00:26]} Rg1 {[%emt 0:00:34]} 70. Rh7 {[%emt 0:00:32]} Rg2+ {[%emt 0:01:00]} 71. Kf1 {[%emt 0:00:11]} Rg8 {[%emt 0:00:11]} 72. Rf7 {[%emt 0:00:38]} Rg2 {[%emt 0:01:50]} 73. Rf6 {[%emt 0:00:42]} Ra2 {[%emt 0:00:32]} 74. Rf7 {[%emt 0:00:13]} Ra1+ {[%emt 0:00:09]} 75. Kf2 {[%emt 0:00:13]} Ra2+ {[%emt 0:00:25]} 1/2-1/2

[Event "Irish International Open 2019"]
[Site "Dublin"]
[Date "2019.04.20"]
[Round "5.26"]
[White "Flynn, Jacob"]
[Black "Mancin, Michele"]
[Result "1-0"]
[WhiteElo "2011"]
[BlackElo "1706"]
[Annotator "NA"]
[PlyCount "51"]
[EventDate "2019.02.28"]
[EventType "swiss"]
[EventCountry "IRL"]
[SourceTitle "playchess.com"]
[Source "ChessBase"]
[SourceQuality "1"]
[TimeControl "5400+30"]

1. d4 {[%emt 0:00:00]} d5 {[%emt 0:00:00]} 2. c4 {[%emt 0:00:00]} c6 {[%emt 0:00:06]} 3. Nf3 {[%emt 0:00:02]} e6 {[%emt 0:00:20]} 4. Nc3 {[%emt 0:00:35]} Nf6 {[%emt 0:00:10]} 5. Bg5 {[%emt 0:00:17]} h6 {[%emt 0:00:47]} 6. Bh4 {[%emt 0:00:18]} Be7 {[%emt 0:01:07]} 7. e3 {[%emt 0:00:06]} O-O {[%emt 0:00:29]} 8. Bd3 {[%emt 0:04:08]} dxc4 {[%emt 0:01:59]} 9. Bxc4 {[%emt 0:00:17]} b5 {[%emt 0:00:09]} 10. Bd3 {[%emt 0:00:09]} a6 {[%emt 0:00:05]} 11. Rc1 {[%emt 0:03:07]} Bb7 {[%emt 0:00:58]} 12. O-O {[%emt 0:04:18]} Nbd7 {[%emt 0:00:43]} 13. Qe2 {[%emt 0:01:49]} c5 {[%emt 0:07:17]} 14. Rfd1 {[%emt 0:04:37]} cxd4 {[%emt 0:03:31]} 15. exd4 {[%emt 0:00:42]} Rc8 {[%emt 0:02:20]} 16. Ne5 {[%emt 0:07:19]} Nb6 {[%emt 0:15:48]} 17. Bg3 {[%emt 0:19:39]} b4 {[%emt 0:19:44]} 18. Ne4 {[%emt 0:10:50]} Rxc1 {[%emt 0:02:13]} 19. Rxc1 {[%emt 0:01:31]} Qxd4 {[%emt 0:06:03]} 20. Nf3 {[%emt 0:03:39]} Qd5 {[%emt 0:07:11]} 21. Nxf6+ {[%emt 0:03:27]} Bxf6 {[%emt 0:00:26]} 22. Bxa6 {[%emt 0:02:18]} Ba8 {[%emt 0:07:38]} 23. b3 {[%emt 0:02:50]} Bc3 {[%emt 0:03:16]} 24. Rd1 {[%emt 0:03:36]} Qa5 {[%emt 0:01:37]} 25. Bc7 {[%emt 0:01:03]} Qc5 {[%emt 0:00:53]} 26. Bd6 {[%emt 0:00:21]} 1-0

[Event "Irish International Open 2019"]
[Site "Dublin"]
[Date "2019.04.20"]
[Round "5.27"]
[White "Lundback, Anders"]
[Black "Schmitz, Manuela"]
[Result "1/2-1/2"]
[WhiteElo "1806"]
[BlackElo "1968"]
[Annotator "NA"]
[PlyCount "61"]
[EventDate "2019.02.28"]
[EventType "swiss"]
[EventCountry "IRL"]
[SourceTitle "playchess.com"]
[Source "ChessBase"]
[SourceQuality "1"]
[TimeControl "5400+30"]

1. d4 {[%emt 0:00:00]} d5 {[%emt 0:00:00]} 2. c4 {[%emt 0:00:00]} e6 {[%emt 0:00:00]} 3. Nf3 {[%emt 0:00:00]} c6 {[%emt 0:00:00]} 4. Nc3 {[%emt 0:00:19]} Nf6 {[%emt 0:00:00]} 5. e3 {[%emt 0:02:15]} Nbd7 {[%emt 0:00:47]} 6. Bd3 {[%emt 0:00:17]} Bd6 {[%emt 0:00:34]} 7. O-O {[%emt 0:00:20]} O-O {[%emt 0:01:18]} 8. Re1 {[%emt 0:05:16]} dxc4 {[%emt 0:02:07]} 9. Bxc4 {[%emt 0:00:09]} e5 {[%emt 0:03:39]} 10. e4 {[%emt 0:10:13]} Qe7 {[%emt 0:07:08]} 11. Bg5 {[%emt 0:03:04]} Nb6 {[%emt 0:03:16]} 12. Bb3 {[%emt 0:01:33]} Bg4 {[%emt 0:01:19]} 13. d5 {[%emt 0:03:24]} Rac8 {[%emt 0:03:28]} 14. h3 {[%emt 0:01:49]} Bxf3 {[%emt 0:04:45]} 15. Qxf3 {[%emt 0:02:16]} Nbd7 {[%emt 0:00:12]} 16. Rac1 {[%emt 0:06:32]} h6 {[%emt 0:00:40]} 17. Bh4 {[%emt 0:00:31]} g5 {[%emt 0:01:55]} 18. Bg3 {[%emt 0:00:09]} Nc5 {[%emt 0:03:25]} 19. dxc6 {[%emt 0:09:22]} bxc6 {[%emt 0:01:26]} 20. Bc4 {[%emt 0:02:32]} Ne6 {[%emt 0:04:14]} 21. Bxe6 {[%emt 0:04:11]} Qxe6 {[%emt 0:00:37]} 22. Nd1 {[%emt 0:02:42]} Bb4 {[%emt 0:10:30]} 23. Re2 {[%emt 0:02:31]} Rfd8 {[%emt 0:01:34]} 24. Ne3 {[%emt 0:05:12]} Bd2 {[%emt 0:00:57]} 25. Rf1 {[%emt 0:11:32]} Rd3 {[%emt 0:03:13]} 26. Qf5 {[%emt 0:04:22]} Bxe3 {[%emt 0:03:44]} 27. fxe3 {[%emt 0:01:32]} Qxf5 {[%emt 0:02:45]} 28. Rxf5 {[%emt 0:01:36]} Nxe4 {[%emt 0:02:50]} 29. Bxe5 {[%emt 0:01:28]} Rd1+ {[%emt 0:08:54]} 30. Rf1 {[%emt 0:06:00]} Rd5 {[%emt 0:04:00]} 31. Bh2 {[%emt 0:01:39]} 1/2-1/2

[Event "Irish International Open 2019"]
[Site "Dublin"]
[Date "2019.04.20"]
[Round "6.1"]
[White "Jovanic, Ognjen"]
[Black "Ruck, Robert"]
[Result "1/2-1/2"]
[WhiteElo "2515"]
[BlackElo "2522"]
[Annotator "ChessBase"]
[PlyCount "23"]
[EventDate "2019.02.28"]
[EventType "swiss"]
[EventCountry "IRL"]
[SourceTitle "playchess.com"]
[Source "ChessBase"]
[SourceQuality "1"]
[TimeControl "5400+30"]

1. d4 {[%emt 0:00:00]} Nf6 {[%emt 0:00:00]} 2. Nf3 {[%emt 0:00:30]} g6 {[%emt 0:00:30]} 3. Bf4 {[%emt 0:00:30]} Bg7 {[%emt 0:00:30]} 4. e3 {[%emt 0:00:30]} O-O {[%emt 0:00:30]} 5. c3 {[%emt 0:00:30]} d6 {[%emt 0:00:30]} 6. h3 {[%emt 0:00:30]} Nbd7 {[%emt 0:00:30]} 7. Be2 {[%emt 0:00:30]} b6 {[%emt 0:00:30]} 8. O-O {[%emt 0:00:30]} Bb7 {[%emt 0:00:30]} 9. Nbd2 {[%emt 0:00:30]} c5 {[%emt 0:00:41]} 10. Bh2 {[%emt 0:00:11]} Qc7 {[%emt 0:01:22]} 11. a4 {[%emt 0:00:13]} a6 {[%emt 0:01:00]} 12. Qb3 {[%emt 0:00:58]} 1/2-1/2

[Event "Irish International Open 2019"]
[Site "Dublin"]
[Date "2019.04.20"]
[Round "6.2"]
[White "Saric, Ante"]
[Black "Burg, Twan"]
[Result "1/2-1/2"]
[WhiteElo "2530"]
[BlackElo "2519"]
[Annotator "ChessBase"]
[PlyCount "41"]
[EventDate "2019.02.28"]
[EventType "swiss"]
[EventCountry "IRL"]
[SourceTitle "playchess.com"]
[Source "ChessBase"]
[SourceQuality "1"]
[TimeControl "5400+30"]

1. d4 {[%emt 0:00:00]} Nf6 {[%emt 0:00:00]} 2. c4 {[%emt 0:00:00]} e6 {[%emt 0:00:00]} 3. Nf3 {[%emt 0:00:00]} d5 {[%emt 0:00:00]} 4. Nc3 {[%emt 0:00:00]} Be7 {[%emt 0:00:00]} 5. Bf4 {[%emt 0:00:08]} O-O {[%emt 0:00:07]} 6. e3 {[%emt 0:00:08]} Nbd7 {[%emt 0:00:14]} 7. a3 {[%emt 0:00:28]} c5 {[%emt 0:00:12]} 8. cxd5 {[%emt 0:00:21]} Nxd5 {[%emt 0:00:07]} 9. Nxd5 {[%emt 0:00:08]} exd5 {[%emt 0:00:05]} 10. dxc5 {[%emt 0:00:23]} Nxc5 {[%emt 0:00:07]} 11. Be5 {[%emt 0:00:47]} Bf5 {[%emt 0:00:12]} 12. Be2 {[%emt 0:01:21]} Bf6 {[%emt 0:00:04]} 13. Bxf6 {[%emt 0:02:28]} Qxf6 {[%emt 0:00:06]} 14. Nd4 {[%emt 0:00:29]} Ne6 {[%emt 0:00:24]} 15. O-O {[%emt 0:11:55]} Nxd4 {[%emt 0:00:16]} 16. Qxd4 {[%emt 0:00:09]} Qxd4 {[%emt 0:00:05]} 17. exd4 {[%emt 0:00:06]} Rac8 {[%emt 0:07:36]} 18. Rfc1 {[%emt 0:00:50]} Rxc1+ {[%emt 0:00:35]} 19. Rxc1 {[%emt 0:00:04]} Rc8 {[%emt 0:00:05]} 20. Rxc8+ {[%emt 0:01:28]} Bxc8 {[%emt 0:00:02]} 21. Bf3 {[%emt 0:00:59]} 1/2-1/2

[Event "Irish International Open 2019"]
[Site "Dublin"]
[Date "2019.04.20"]
[Round "6.4"]
[White "Pulkkinen, Kari"]
[Black "Larino Nieto, David"]
[Result "0-1"]
[WhiteElo "2265"]
[BlackElo "2434"]
[Annotator "ChessBase"]
[PlyCount "110"]
[EventDate "2019.02.28"]
[EventType "swiss"]
[EventCountry "IRL"]
[SourceTitle "playchess.com"]
[Source "ChessBase"]
[SourceQuality "1"]
[TimeControl "5400+30"]

1. e4 {[%emt 0:00:00]} e5 {[%emt 0:31:21]} 2. Nf3 {[%emt 0:00:00]} Nc6 {[%emt 0:00:03]} 3. Bb5 {[%emt 0:00:05]} Nd4 {[%emt 0:00:04]} 4. Nxd4 {[%emt 0:00:26]} exd4 {[%emt 0:00:03]} 5. O-O {[%emt 0:00:35]} c6 {[%emt 0:00:02]} 6. Ba4 {[%emt 0:00:34]} Nf6 {[%emt 0:01:07]} 7. e5 {[%emt 0:02:27]} Ne4 {[%emt 0:02:52]} 8. c3 {[%emt 0:03:00]} d3 {[%emt 0:00:36]} 9. Qf3 {[%emt 0:01:19]} Nc5 {[%emt 0:00:43]} 10. Bd1 {[%emt 0:00:22]} d6 {[%emt 0:01:17]} 11. b4 {[%emt 0:06:02]} Ne6 {[%emt 0:00:10]} 12. Qxd3 {[%emt 0:03:03]} dxe5 {[%emt 0:00:04]} 13. Qe4 {[%emt 0:05:31]} a5 {[%emt 0:01:38]} 14. Qxe5 {[%emt 0:05:27]} axb4 {[%emt 0:00:09]} 15. cxb4 {[%emt 0:01:02]} Bxb4 {[%emt 0:00:47]} 16. Bb2 {[%emt 0:01:40]} Be7 {[%emt 0:01:02]} 17. Qe4 {[%emt 0:07:01]} Bf6 {[%emt 0:00:23]} 18. Bxf6 {[%emt 0:00:22]} Qxf6 {[%emt 0:00:02]} 19. Nc3 {[%emt 0:00:12]} O-O {[%emt 0:00:23]} 20. Bc2 {[%emt 0:00:50]} g6 {[%emt 0:00:08]} 21. Qe3 {[%emt 0:02:06]} Nd4 {[%emt 0:06:22]} 22. Bb3 {[%emt 0:01:55]} Bf5 {[%emt 0:02:43]} 23. Rae1 {[%emt 0:04:05]} Kg7 {[%emt 0:00:09]} 24. h3 {[%emt 0:02:29]} Rad8 {[%emt 0:02:08]} 25. f4 {[%emt 0:05:42]} h5 {[%emt 0:03:25]} 26. Rf2 {[%emt 0:03:33]} h4 {[%emt 0:00:51]} 27. Qe7 {[%emt 0:01:43]} Rd7 {[%emt 0:00:24]} 28. Qxf6+ {[%emt 0:02:49]} Kxf6 {[%emt 0:00:05]} 29. Na4 {[%emt 0:02:27]} Rd6 {[%emt 0:03:13]} 30. Re3 {[%emt 0:01:55]} Rfd8 {[%emt 0:01:36]} 31. Nc5 {[%emt 0:01:32]} Rb8 {[%emt 0:00:02]} 32. d3 {[%emt 0:01:46]} Rdd8 {[%emt 0:03:25]} 33. Ne4+ {[%emt 0:04:32]} Kg7 {[%emt 0:00:01]} 34. Rd2 {[%emt 0:00:43]} Bxe4 {[%emt 0:00:41]} 35. Rxe4 {[%emt 0:00:15]} Rd7 {[%emt 0:00:33]} 36. Kf2 {[%emt 0:01:58]} Rbd8 {[%emt 0:00:38]} 37. Bd1 {[%emt 0:02:08]} Kf6 {[%emt 0:00:37]} 38. Bg4 {[%emt 0:02:15]} Rd5 {[%emt 0:00:08]} 39. Ke3 {[%emt 0:02:06]} b5 {[%emt 0:01:01]} 40. Kf2 {[%emt 0:00:36]} b4 {[%emt 0:00:27]} 41. Re3 {[%emt 0:01:42]} Ra5 {[%emt 0:03:46]} 42. Re4 {[%emt 0:04:09]} Rad5 {[%emt 0:02:19]} 43. Re3 {[%emt 0:01:18]} Rc5 {[%emt 0:00:13]} 44. Re4 {[%emt 0:01:44]} Rc3 {[%emt 0:00:26]} 45. Re3 {[%emt 0:01:25]} c5 {[%emt 0:00:21]} 46. Re4 {[%emt 0:06:05]} Ra8 {[%emt 0:00:52]} 47. Bf3 {[%emt 0:00:58]} Raa3 {[%emt 0:00:29]} 48. Re5 {[%emt 0:00:32]} Ne6 {[%emt 0:03:37]} 49. Ke3 {[%emt 0:01:25]} g5 {[%emt 0:01:53]} 50. Bg4 {[%emt 0:02:45]} Nxf4 {[%emt 0:00:10]} 51. Ke4 {[%emt 0:00:39]} c4 {[%emt 0:01:14]} 52. Rf5+ {[%emt 0:00:22]} Kg6 {[%emt 0:00:01]} 53. dxc4 {[%emt 0:00:19]} Re3+ {[%emt 0:01:08]} 54. Kd4 {[%emt 0:00:08]} Ne6+ {[%emt 0:00:01]} 55. Kd5 {[%emt 0:00:12]} Ra5+ {[%emt 0:00:05]} 0-1